Responses for Show #5447 - Tuesday, April 22, 2008

Contestants

[<< previous game]

Bill Frank, an epidemiologist from Phoenix, Arizona

Katherine Duke, a writer and editor originally from Sugar Loaf, New York

Brett Kirwan, a naval officer originally from Avon Lake, Ohio (whose 1-day cash winnings total $16,799)

[next game >>]

Jeopardy! Round responses

DYNASTY
MELROSE PLACE
FANTASY ISLAND
HOTEL
THE LOVE BOAT
A SPELLING PRODUCTION
(Alex: And in this category, you must spell the correct response.)
    $200 1
India

Bill
    $200 7
Heather Locklear

Bill
    $200 23
The Tempest

Brett
    $200 19
Hawaii

Brett
    $200 2
a canoe

Brett
    $200 9
(Brett: What is an A-S-T-E-R-I-X?)

A-S-T-E-R-I-S-K

BrettKatherine
    $400 3
the Romanovs

Brett
    $400 8
Alyssa Milano

Katherine
    $400 20
Chicago

Brett
    $400 14
a riverboat (or steamboat)

Katherine
    $400 10
(Katherine: What is thrombosis--T-H-R-O-M-B-O-S-I-S?)

[NOTE: This was the 130,000th clue entered into the J! Archive, 2008-04-22.]

P-H-L-E-B-I-T-I-S

Katherine
Triple Stumper
    $600 4
Morocco

Bill
    $600 15
Courtney Thorne-Smith

Bill
    $600 21
the Beverly Hills Hotel

Triple Stumper
    $600 16
(Alex: Yes, Howard Hughes' plane.)

the Spruce Goose

Bill
    $600 11
S-A-U-E-R-K-R-A-U-T

Katherine
    $800 5
Nebuchadnezzar

Triple Stumper
    $2,200 26
[The end-of-round signal sounds.]

The Island of Dr. Moreau

Brett
    $800 22
the Waldorf-Astoria

Katherine
    $800 17
Amistad

Triple Stumper
    $800 12
F-U-S-E-L-A-G-E

Bill
    $1000 6
the New Kingdom

Triple Stumper
    $1000 25
The Count of Monte Cristo

Brett
    $1000 24
San Diego

Brett
    $1000 18
(Brett: What is a man of war?)
(Katherine: What is a clipper ship?)

a frigate

BrettKatherine
Triple Stumper
    $1000 13
(Alex: [*]...ly done.)
(Bill: Thank you.)

G-N-E-I-S-S

Bill

Scores at the first commercial break (after clue 15):

Brett Katherine Bill
$400 $1,200 $3,400

Scores at the end of the Jeopardy! Round:

Brett Katherine Bill
$4,400 $1,000 $4,000

Double Jeopardy! Round responses

PSYCHOLOGY
CLASSIC FOREIGN FILMS
FASHION DESIGNERS
THE BIBLE
BACK IN '68
FROM THE GREEK
    $400 1
free association

Triple Stumper
    $400 13
War and Peace

Brett
    $400 23
stiletto

Brett
    $400 14
Samson

Bill
    $400 8
Martin Luther King, Jr.

Katherine
    $400 3
the sternum

Katherine
    $800 2
the Menninger Clinic

Triple Stumper
    $800 15
The Umbrellas of Cherbourg

Bill
    $800 24
(Katherine: Who is Ralph Lauren?)

Hilfiger

BrettKatherine
    $800 17
the Ark of the Covenant

Brett
    $800 9
the Moon

Brett
    $800 4
theology

Bill
    $2,700 19
amnesia

Katherine
    $1200 16
(Roman) Polanski

Brett
    $1200 25
Versace

Katherine
    $1200 18
swords

Katherine
    $1200 10
the Tet Offensive

Brett
    $1200 5
(Brett: What is adjudicator?)

critic

Brett
Triple Stumper
    $1600 20
(Bill: What are neuroses?)

anxiety (disorder)

BrettBill
    $1600 27
Fellini

Bill
    $1600 21
Gabriel

Katherine
    $1600 11
the Alaska Pipeline

Bill
    $1600 6
graphite

Bill
    $2000 26
(Alfred) Binet

Bill
    $3,800 28
(Bill: What is Rashomon?)
(Alex: I thought you might say that, you picked the wrong one.)
(Bill: [*].)
[The end-of-round signal sounds.]

The Seven Samurai

Bill
    $2000 22
Sarah

Brett
    $2000 12
Eldridge Cleaver

Bill
    $2000 7
protozoans

Brett

Scores at the end of the Double Jeopardy! Round:

Brett Katherine Bill
$14,400 $7,700 $9,400

[wagering suggestions for these scores]

Final Jeopardy! Round responses

POETS
(Alex: Lines from a famous sonnet: "How do I love thee?")
...
(Alex: [Revealing Bill's response] Sonnets From the Portuguese, you are right.)
KatherineWho is Shakespeare?
$6,701
BillWho is Elisabeth B. Browning?
$8,000
BrettWho is Elizabeth Barret Browning?
$4,401
Elizabeth Barrett Browning

Final scores:

Brett Katherine Bill
$18,801 $999 $17,400
2-day champion: $35,600 3rd place: $1,000 2nd place: $2,000

Game dynamics:

Coryat scores:

Brett Katherine Bill
$13,000 $6,200 $13,200
18 R
(including 1 DD),
3 W
11 R
(including 1 DD),
3 W
15 R,
2 W
(including 1 DD)

Combined Coryat: $32,400

[game clues] [game scores] [suggest correction]

Game tape date: 2008-02-12
The J! Archive is created by fans, for fans. Scraping, republication, monetization, and malicious use prohibited; this site may use cookies and collect identifying information. See terms. The Jeopardy! game show and all elements thereof, including but not limited to copyright and trademark thereto, are the property of Jeopardy Productions, Inc. and are protected under law. This website is not affiliated with, sponsored by, or operated by Jeopardy Productions, Inc. Join the discussion at JBoard.tv.